书目信息 |
| 题名: |
中国长笛曲选
|
|
| 作者: | 乐新 编著 | |
| 分册: | 长笛分谱 | |
| 出版信息: | 北京 人民音乐出版社 2005 |
|
| 页数: | 58页 | |
| 开本: | 31cm | |
| 丛书名: | ||
| 单 册: | ||
| 中图分类: | J647.11 | |
| 科图分类: | ||
| 主题词: | 长笛--器乐曲--中国--选集 , 长笛 , 器乐曲 | |
| 电子资源: | ||
| ISBN: | 7-103-02932-6 | |
| 000 | 00827ncm0 2200253 450 | |
| 001 | 002850892 | |
| 005 | 20070805170009.90 | |
| 010 | @a7-103-02932-6@dCNY57.00(全2册) | |
| 100 | @a20050421d2005 em y0chiy0110 ea | |
| 101 | 0 | @achi |
| 102 | @aCN@b110000 | |
| 105 | @ag z 000yy | |
| 200 | 1 | @a中国长笛曲选@9zhong guo chang di qu xuan@i长笛分谱@f乐新编著 |
| 210 | @a北京@c人民音乐出版社@d2005 | |
| 215 | @a58页@d31cm | |
| 330 | @a本长笛曲包含:小河淌水、杨柳青、快乐的女战士、小小鱼儿粉红腮、渔舟唱晚、村笛、夕阳箫鼓、大净等25支曲子。 | |
| 510 | 1 | @aCollection of Chinese Music for Flute@iPart of Flute@zeng |
| 606 | 0 | @a长笛@x器乐曲@y中国@j选集 |
| 606 | 0 | @a长笛 |
| 606 | 0 | @a器乐曲 |
| 690 | @aJ647.11@v4 | |
| 701 | 0 | @a乐新@9yue xin@c(长笛教学)@4编著 |
| 801 | 0 | @aCN@bNLC@c20070805 |
| 905 | @a10447@dJ647.11@e119 | |
| 中国长笛曲选.长笛分谱/乐新编著.-北京:人民音乐出版社,2005 |
| 58页;31cm |
| ISBN 7-103-02932-6:CNY57.00(全2册) |
| 本长笛曲包含:小河淌水、杨柳青、快乐的女战士、小小鱼儿粉红腮、渔舟唱晚、村笛、夕阳箫鼓、大净等25支曲子。 |
| ● |
| 相关链接 |
|
|
|
|
正题名:中国长笛曲选
索取号:J647.11/119
 
预约/预借
| 序号 | 登录号 | 条形码 | 馆藏地/架位号 | 状态 | 备注 |
| 1 | 0809043 | 208090439 | 第一样本阅览室/ [索取号:J647.11/119] | 在馆 | |
| 2 | 0809044 | 208090448 | 第一借阅区/ [索取号:J647.11/119] | 在馆 | |
| 3 | 0809045 | 208090457 | 第一借阅区/ [索取号:J647.11/119] | 在馆 | |
| 4 | 0809046 | 208090466 | 第一借阅区/ [索取号:J647.11/119] | 在馆 | |
| 5 | 0809047 | 208090475 | 音乐系资料室/ [索取号:J647.11/119] | 在馆 |